|
|
|
|
| LEADER |
01063pam a22002898a 4500 |
| 001 |
00030221 |
| 005 |
20171026081022.0 |
| 008 |
121227s2009 ||||||viesd |
| 020 |
|
|
|c 180000
|
| 041 |
0 |
# |
|a vie
|
| 082 |
1 |
4 |
|a 895.922 090 01
|b H466T
|
| 245 |
1 |
0 |
|a Hợp tuyển văn học trung đại Việt Nam thế kỷ X-XIX
|c Bùi Duy Tân (ch.b); Nguyễn Hữu Sơn, Nguyễn Tuấn Cường, Phạm Ánh Sao, Phạm Văn Hưng
|n Tập 3
|p Văn học thế kỷ XVIII
|
| 260 |
# |
# |
|a H.
|b Giáo dục
|c 2009
|
| 300 |
# |
# |
|a 1119 tr.
|c 24 cm.
|
| 653 |
# |
# |
|a Hợp tuyển
|
| 653 |
# |
# |
|a Việt Nam
|
| 653 |
# |
# |
|a Văn học trung đại
|
| 700 |
1 |
# |
|a Nguyễn, Hữu Sơn
|
| 700 |
1 |
# |
|a Nguyễn, Tuấn Cường
|
| 700 |
1 |
# |
|a Phạm, Văn Hưng
|
| 700 |
1 |
# |
|a Phạm, Ánh Sao
|
| 700 |
1 |
# |
|e Chủ biên
|a Bùi, Duy Tân
|
| 852 |
# |
# |
|b Kho đọc
|j KD.0014273
|
| 852 |
# |
# |
|j KD.0014273
|
| 910 |
|
|
|d 27/12/2012
|
| 980 |
# |
# |
|a Trung tâm Học liệu Lê Vũ Hùng, Trường Đại học Đồng Tháp
|